Người máy thông minh - Ứng dụng cơ bản

Cung cấp những kiến thức về lược thuật người máy ABB, kiến thức thao tac cơ bản, ứng dụng cơ bản phần mềm người máy ABB

Đã lưu trong:
书目详细资料
主要作者: Dương, Vĩnh Trung
其他作者: Ngô, Dương
格式: 图书
语言:Undetermined
出版: H. Đại học Quốc gia Hà Nội 2020
主题:
在线阅读:http://lrc.tdmu.edu.vn/opac/search/detail.asp?aID=2&ID=41191
标签: 添加标签
没有标签, 成为第一个标记此记录!
Thư viện lưu trữ: Trung tâm Học liệu Trường Đại học Thủ Dầu Một
LEADER 00968nam a2200217Ia 4500
001 TDMU_41191
008 210410s9999 xx 000 0 und d
082 |a 005.1 
090 |b D561 
100 |a Dương, Vĩnh Trung 
245 0 |a Người máy thông minh - Ứng dụng cơ bản 
245 0 |c Dương Vĩnh Trung, Ngô Dương...[và những người khác]; Nguyễn Văn Chữ dịch 
260 |a H. 
260 |b Đại học Quốc gia Hà Nội 
260 |c 2020 
300 |a 155tr. 
520 |a Cung cấp những kiến thức về lược thuật người máy ABB, kiến thức thao tac cơ bản, ứng dụng cơ bản phần mềm người máy ABB 
650 |a Người máy  |x Ứng dụng 
700 |a Ngô, Dương 
856 |u http://lrc.tdmu.edu.vn/opac/search/detail.asp?aID=2&ID=41191 
980 |a Trung tâm Học liệu Trường Đại học Thủ Dầu Một